000 00561nam a2200193Ia 4500
008 120827t1949 xxu||||| |||| 00| 0 sin d
041 _asin
080 _a8 S. 03 : 820 - 31
_bBAL
100 _aBallantyne,R. M.
245 _aකොරල් දූපත
246 _aKoral Dupatha
260 _aM. D. Gunasena
_aColombo
_c1949
300 _b90p, 18 cm
500 _aSinhalese Translation of R. M. Ballantyne's of The Coral Island
700 _aFernando,Egodauyane Eddie
_etr.
942 _cBK
999 _c39323
_d39323
003 LK-CoDNM
040 _aLK-CoDNM
_dLK-CoDNM
_eLK-CoDNM